[Event "Moscow Open 2009 B"]
[Site "www.moscowchessopen.ru"]
[Date "2009.02.08"]
[Round "9.127"]
[White "Glushkov, Lev"]
[Black "Piatin, Oleg"]
[Result "0-1"]
[WhiteElo "1897"]
[BlackElo "2076"]
[Annotator ""]
[Source ""]
[Remark ""]

1.e4 d5 2.exd5 Qxd5 3.Nc3 Qd6 4.Bc4 Nf6 5.Nge2 e5 6.d3 c6 7.f4
Be7 8.fxe5 Qxe5 9.Bf4 Qa5 10.Qd2 O-O 11.Bb3 Nbd7 12.h3 Nc5 13.g4
Nxb3 14.cxb3 Nd5 15.Bg3 Bb4 16.O-O-O Be6 17.g5 Qb6 18.Kb1 a5
19.Qc1 Bf5 20.Nxd5 cxd5 21.Qf4 Bg6 22.h4 h5 23.Rh2 Rae8 24.Rd2
Bxd2 25.Qxd2 0-1

[Event "Moscow Open 2009 B"]
[Site "www.moscowchessopen.ru"]
[Date "2009.02.08"]
[Round "9.128"]
[White "Mayorov, Vasili"]
[Black "Pluzyan, Aram"]
[Result "1/2-1/2"]
[WhiteElo "2074"]
[BlackElo "1400"]
[Annotator ""]
[Source ""]
[Remark ""]

1.c4 c5 2.Nc3 Nc6 3.g3 g6 4.Bg2 Bg7 5.a3 d6 6.Rb1 a5 7.d3 e5
8.Nf3 Nge7 9.Bg5 h6 10.Bxe7 Nxe7 11.Qb3 O-O 12.Na4 Rb8 13.Nb6
Be6 14.Nd2 Nc6 15.e3 Bf5 16.Nd5 Kh7 17.O-O g5 18.Qb6 Qxb6 19.Nxb6
Bf6 20.Nd5 Bd8 21.Nc3 Be7 22.Nb5 Rbc8 23.Bd5 Bd7 24.Nc3 Bd8 25.Nb5 1/2-1/2

[Event "Moscow Open 2009 B"]
[Site "www.moscowchessopen.ru"]
[Date "2009.02.08"]
[Round "9.129"]
[White "Emdin, Mark"]
[Black "Anfinogenov, Artem"]
[Result "1-0"]
[WhiteElo "1885"]
[BlackElo "2068"]
[Annotator ""]
[Source ""]
[Remark ""]

1.d4 Nf6 2.c4 e6 3.Nc3 Bb4 4.Qc2 d5 5.e3 O-O 6.a3 Bxc3+ 7.bxc3
c5 8.Nf3 Nc6 9.Bd3 Re8 10.Bb2 Rb8 11.cxd5 exd5 12.dxc5 Qa5 13.O-O
Qxc5 14.c4 dxc4 15.Bxf6 gxf6 16.Bxc4 Be6 17.Rfc1 Qxc4 18.Qxc4
Bxc4 19.Rxc4 Ne5 20.Rc7 Rec8 21.Rac1 Rxc7 22.Rxc7 a5 23.Nxe5
fxe5 24.Rc5 b5 25.Kf1 b4 26.axb4 axb4 27.Rc2 Kg7 28.Ke2 1-0

[Event "Moscow Open 2009 B"]
[Site "www.moscowchessopen.ru"]
[Date "2009.02.08"]
[Round "9.130"]
[White "Kurnaev, Vladimir"]
[Black "Shlyakhov, Ivan"]
[Result "0-1"]
[WhiteElo "2063"]
[BlackElo "1400"]
[Annotator ""]
[Source ""]
[Remark ""]

1.d4 d5 2.Nf3 Bf5 3.e3 Nd7 4.Nbd2 c6 5.c4 e6 6.a3 Ngf6 7.b3 Bd6
8.Bb2 Qe7 9.Be2 Ne4 10.O-O O-O 11.c5 Bc7 12.b4 e5 13.a4 Nxd2
14.Nxd2 Rae8 15.Bg4 Bxg4 16.Qxg4 f5 17.Qh3 e4 18.f4 Rf6 19.b5
Ref8 20.Bc3 Rg6 21.Qh5 Rg4 22.g3 g6 23.Qh6 g5 24.Rf2 gxf4 25.exf4
e3 26.Re2 Bxf4 27.Qh3 Rg6 28.Qg2 Rgf6 29.Nf1 Bh6 0-1

[Event "Moscow Open 2009 B"]
[Site "www.moscowchessopen.ru"]
[Date "2009.02.08"]
[Round "9.131"]
[White "Pankratov, Oleg"]
[Black "Zarivkina, Victorya"]
[Result "1/2-1/2"]
[WhiteElo "1400"]
[BlackElo "2058"]
[Annotator ""]
[Source ""]
[Remark ""]

1.d4 g6 2.c4 Bg7 3.e4 e6 4.Nc3 Ne7 5.Be3 d5 6.Nf3 O-O 7.Qd2 dxe4
8.Nxe4 Nf5 9.Bg5 f6 10.Be3 b6 11.Bd3 Bb7 12.O-O Nc6 13.Bc2 Qd7
14.Rad1 Rad8 15.Rfe1 Qf7 16.Qe2 Rd7 17.g4 Nxe3 18.Qxe3 Na5 19.b3
Rfd8 20.Nc3 Bxf3 21.Qxf3 Rxd4 22.Rxd4 Rxd4 23.Nb5 Rd2 24.Re2
Rxe2 25.Qxe2 a6 26.Nc3 Nc6 27.Be4 Nd4 28.Qd3 f5 29.gxf5 gxf5
30.Bg2 c5 31.Qg3 f4 32.Qg4 f3 33.Bh3 h5 34.Qe4 Qf6 35.Kf1 b5
36.Nd1 Qe5 37.Nc3 Qf6 38.cxb5 axb5 39.a4 b4 40.Nb5 e5 41.Nxd4
cxd4 42.Bf5 Qa6+ 43.Ke1 Qh6 44.Qa8+ Kf7 45.Qxf3 Qc1+ 46.Ke2 Qb2+
47.Kf1 Ke7 48.Bg6 Qc1+ 49.Kg2 Qg5+ 50.Qg3 Kf6 51.Be8 e4 52.Bc6
Qf5 53.Qd6+ Kf7 54.Qd5+ Qxd5 55.Bxd5+ Kf6 56.Bxe4 Kg5 57.Kf3
Be5 58.h3 Bb8 59.a5 Ba7 60.a6 Kh4 61.Kg2 Kg5 62.Kg3 Bb8+ 63.Kf3
Kh4 64.Bf5 Ba7 65.Ke2 Kg5 66.Bd7 Kf4 67.Be8 h4 68.Bg6 Bb6 69.Be8
d3+ 70.Kxd3 Bxf2 71.Kc4 Ke5 72.Kxb4 Kd6 73.Kb5 Kc7 74.b4 Ba7
75.Kc4 Kb6 76.b5 Bb8 77.Kd5 Bg3 78.Bc6 Bb8 79.Ke6 Bg3 80.Kd5
Bf4 1/2-1/2

[Event "Moscow Open 2009 B"]
[Site "www.moscowchessopen.ru"]
[Date "2009.02.08"]
[Round "9.132"]
[White "Kagner, Roman"]
[Black "Khazankin, Moisei"]
[Result "1/2-1/2"]
[WhiteElo "1737"]
[BlackElo "2180"]
[Annotator ""]
[Source ""]
[Remark ""]

1.e4 c5 2.Nf3 d6 3.Bb5+ Nc6 4.O-O Bd7 5.Nc3 g6 6.d4 cxd4 7.Nxd4
Bg7 8.Nde2 Nf6 9.Be3 O-O 10.f3 a6 11.Bxc6 bxc6 12.Rb1 a5 13.b3
Qc7 14.Qd2 Rfd8 15.Ng3 Bc8 16.Na4 Rb8 17.c4 Ba6 18.Rfc1 c5 19.Rd1
Bb7 20.Nc3 Bc6 21.a4 Rd7 22.Nb5 Qd8 23.Bf4 Ne8 24.Qe1 e6 25.Rd3
Bxb5 26.axb5 Bd4+ 27.Be3 e5 28.Bxd4 cxd4 29.Ra1 Ra8 30.Rd2 Rda7
31.Rda2 Qb6 32.Kf1 Nc7 33.Ne2 Ne6 34.Nc1 Nc5 35.Qd1 f5 36.Nd3
fxe4 37.Nxc5 dxc5 38.fxe4 Rf8+ 39.Kg1 Qf6 40.Qf1 Qg5 41.Qd3 Raf7
42.Qg3 Qf6 43.h3 Qd6 44.Qd3 Rf4 45.Rxa5 Qf6 46.R5a2 Qg5 47.Ra8
Kg7 48.Rxf8 Rxf8 49.b6 Rb8 50.Ra7+ Kh6 51.Qf3 Qc1+ 52.Kh2 Qf4+
53.Qxf4+ exf4 54.Rc7 Rxb6 55.Rxc5 Rxb3 56.Rd5 d3 57.c5 Rc3 58.c6
Rxc6 59.Rxd3 Rc4 60.e5 Re4 61.Rd5 Kg5 62.Rd7 h5 63.Re7 Kf5 64.Kg1
Rxe5 65.Rf7+ Ke4 66.Kf2 h4 67.Rh7 Ra5 68.Rxh4 Ra2+ 69.Kg1 Ke3
70.Rg4 Ra1+ 71.Kh2 Ra6 72.Rg5 Ke4 73.Kg1 Ra1+ 74.Kh2 Ra2 75.Kh1
Ra6 76.Kh2 Rf6 77.h4 Ke3 78.Kh3 Kf2 79.Kh2 Ra6 80.Kh1 Ra4 81.Rg4 1/2-1/2

[Event "Moscow Open 2009 B"]
[Site "www.moscowchessopen.ru"]
[Date "2009.02.08"]
[Round "9.133"]
[White "Tekuchev, Robert"]
[Black "Benza, Artem"]
[Result "0-1"]
[WhiteElo "1971"]
[BlackElo "2298"]
[Annotator ""]
[Source ""]
[Remark ""]

1.d4 g6 2.Nf3 Bg7 3.g3 c5 4.Bg2 cxd4 5.Nxd4 Nc6 6.c3 Nf6 7.O-O
O-O 8.Bg5 h6 9.Bf4 Re8 10.Qd2 g5 11.Be3 Nxd4 12.cxd4 Ng4 13.Nc3
d6 14.Rac1 Bd7 15.Bxb7 Rb8 16.Bf3 Nxe3 17.fxe3 e6 18.Ne4 Qb6
19.b3 f5 20.Nc3 g4 21.Bg2 d5 22.Nd1 h5 23.Nb2 h4 24.Nd3 Qd6 25.Kf2
Bb5 26.Nf4 h3 27.Bh1 Rec8 28.Rxc8+ Rxc8 29.Rc1 Rxc1 30.Qxc1 Ba6
31.Qc3 Kf7 32.Qa5 Bh6 33.Nd3 Bxd3 34.Qxa7+ 0-1

[Event "Moscow Open 2009 B"]
[Site "www.moscowchessopen.ru"]
[Date "2009.02.08"]
[Round "9.134"]
[White "Kalinin, Anatoly"]
[Black "Dragunov, Vladimir"]
[Result "1-0"]
[WhiteElo "2293"]
[BlackElo "1969"]
[Annotator ""]
[Source ""]
[Remark ""]

1.c4 c6 2.e4 d6 3.d4 Qc7 4.Nc3 e5 5.Be3 Nf6 6.h3 Nbd7 7.Nf3 Nb6
8.d5 c5 9.Nd2 Nfd7 10.g3 g6 11.Qc2 Bg7 12.O-O-O a6 13.f4 f6 14.Nf3
Nf8 15.Bd3 Bd7 16.Rdf1 O-O-O 17.fxe5 fxe5 18.Ng5 Be8 19.Ne6 Nxe6
20.dxe6 Kb8 21.Rf2 h6 22.Rhf1 Qc8 23.Nd5 Ka7 24.Qb3 Na8 25.e7
Rd7 26.Rf8 Rh7 27.g4 Qb8 28.h4 Rxe7 29.Nxe7 Bxf8 30.Rxf8 Rxe7
31.Bxh6 Rf7 32.Rxf7 Bxf7 33.Qd1 Qg8 34.b3 Nb6 35.Be2 Qh7 36.Bg5
Nc8 37.Qf1 Qg7 38.Kc2 Kb6 39.Qf2 Kc6 40.Bf6 Qg8 41.g5 b5 42.cxb5+
axb5 43.Kb2 c4 44.Bd1 Nb6 45.Be7 Nc8 46.Bf6 Nb6 47.Bd8 Nc8 48.Ba5
Be6 49.Bd2 Nb6 50.Be3 Nd7 51.Qd2 Nc5 52.Qa5 Qb8 53.Bxc5 dxc5
54.h5 gxh5 55.Bxh5 b4 56.Qa6+ Qb6 57.Qa8+ Qb7 58.Be8+ Kc7 59.Qxb7+
Kxb7 60.bxc4 Kc7 61.g6 Kd8 62.Bf7 Bxf7 63.gxf7 Ke7 64.a3 Kxf7
65.axb4 Ke6 66.b5 Kd6 67.Kc3 Kc7 68.Kd3 Kb6 69.Ke3 Ka5 70.Kf3
Kb4 71.b6 Kxc4 72.b7 Kd3 73.b8Q 1-0

[Event "Moscow Open 2009 B"]
[Site "www.moscowchessopen.ru"]
[Date "2009.02.08"]
[Round "9.135"]
[White "Menshikov, Alexander"]
[Black "Ovchinnikov, Andrey"]
[Result "1-0"]
[WhiteElo "2174"]
[BlackElo "1964"]
[Annotator ""]
[Source ""]
[Remark ""]

1.e4 e5 2.Nf3 Nf6 3.Nxe5 d6 4.Nf3 Nxe4 5.Nc3 Nxc3 6.dxc3 Be7
7.Be3 O-O 8.Qd2 Nc6 9.O-O-O Bf6 10.h4 Re8 11.Ng5 Ne5 12.Bd3 Nxd3+
13.Qxd3 g6 14.Qd5 Be6 15.Nxe6 Rxe6 16.Qxb7 a5 17.h5 Rb8 18.Qc6
Qc8 19.hxg6 hxg6 20.Rd5 Ra8 21.Bd4 Bxd4 22.Rxd4 Qe8 23.Qf3 Re1+
24.Rd1 Re5 25.g4 Qf8 26.Qh3 Qg7 27.f4 Re2 28.Rde1 Rae8 29.Rxe2
Rxe2 30.Qd3 Re8 31.g5 Qf8 32.Qd4 Qg7 33.Qd5 Qf8 34.Qxa5 Ra8 35.Qd5
Re8 36.Kd2 Rb8 37.Qd4 Qg7 38.Qxg7+ Kxg7 39.b3 f6 40.a4 1-0

[Event "Moscow Open 2009 B"]
[Site "www.moscowchessopen.ru"]
[Date "2009.02.08"]
[Round "9.136"]
[White "Simkin, Alexander"]
[Black "Gaboev, Batraz"]
[Result "0-1"]
[WhiteElo "1957"]
[BlackElo "2120"]
[Annotator ""]
[Source ""]
[Remark ""]

1.e4 g6 2.d4 Bg7 3.Nc3 d6 4.Nf3 c6 5.Be3 Qb6 6.Rb1 Bg4 7.Be2
Nd7 8.h3 Bxf3 9.Bxf3 Qc7 10.O-O e5 11.Qd2 Nb6 12.b3 Ne7 13.Rfd1
Rd8 14.a4 O-O 15.Bh6 f5 16.Bxg7 Kxg7 17.exf5 Nxf5 18.Ne2 Nh4
19.Bg4 Qf7 20.Ng3 h5 21.Bxh5 gxh5 22.Qg5+ Ng6 23.Nxh5+ Kh7 24.dxe5
Nxe5 25.Kh1 Nd5 26.Rd4 Rg8 27.Qh4 Ng6 28.Nf6+ Kg7 29.Nh5+ Kh6
30.Qg4 Ne5 31.Qe2 Qxh5 32.Qd2+ Kh7 33.c4 Nf6 34.Re1 Rg6 35.Rxd6
Rdg8 36.Qe3 Nfg4 37.Qd2 Nxf2+ 38.Qxf2 Rxd6 39.Qc2+ Rdg6 0-1

[Event "Moscow Open 2009 B"]
[Site "www.moscowchessopen.ru"]
[Date "2009.02.08"]
[Round "9.137"]
[White "Saraev, Anton"]
[Black "Popov, Mikhail"]
[Result "0-1"]
[WhiteElo "2119"]
[BlackElo "1965"]
[Annotator ""]
[Source ""]
[Remark ""]

1.d4 f5 2.Nf3 Nf6 3.g3 e6 4.Bg2 Be7 5.O-O O-O 6.c4 d6 7.Nc3 Qe8
8.b3 Qh5 9.Bb2 Nbd7 10.Qc2 e5 11.dxe5 dxe5 12.e4 f4 13.Nd5 Bd6
14.gxf4 exf4 15.Qc3 Qg6 16.e5 Nxd5 17.cxd5 Nxe5 18.Nxe5 Bxe5
19.Qxe5 f3 20.Qg3 fxg2 21.Kxg2 Qh6 22.Rfe1 Bh3+ 23.Qxh3 Rxf2+
24.Kxf2 Qxh3 0-1

[Event "Moscow Open 2009 B"]
[Site "www.moscowchessopen.ru"]
[Date "2009.02.08"]
[Round "9.138"]
[White "Absoliamov, Javday"]
[Black "Buvaltsev, Andrey"]
[Result "1/2-1/2"]
[WhiteElo "1948"]
[BlackElo "2110"]
[Annotator ""]
[Source ""]
[Remark ""]

1.c4 f5 2.Nc3 Nf6 3.d4 e6 4.g3 Bb4 5.Bg2 O-O 6.Qc2 d6 7.a3 Bxc3+
8.Qxc3 Nbd7 9.e3 e5 10.Ne2 Kh8 11.b3 Qe7 12.Bb2 c5 13.O-O exd4
14.Qc2 dxe3 15.f3 d5 16.cxd5 Nxd5 17.Rfd1 N7b6 18.Rac1 Be6 19.Qxc5
Qxc5 20.Rxc5 Rac8 21.Rdc1 Rxc5 22.Rxc5 Rc8 23.Rxc8+ Bxc8 24.f4
Kg8 25.Nd4 Bd7 26.Kf1 Kf7 27.Ke2 h6 28.a4 a5 29.Nc2 Be6 30.Nd4
g5 31.fxg5 hxg5 32.Bh3 g4 33.Bg2 f4 34.Bxd5 Nxd5 35.gxf4 Nxf4+
36.Kxe3 Ng2+ 37.Ke4 Bd7 38.Bc3 b6 39.Bd2 Nh4 40.Bf4 Nf3 41.Bc7
Nxd4 42.Kxd4 b5 43.axb5 Bxb5 44.Bxa5 Ke6 45.Kc5 Be2 46.Be1 Kd7
47.b4 Kc8 48.b5 Kb7 49.b6 Bf3 50.Bf2 Bd1 1/2-1/2

[Event "Moscow Open 2009 B"]
[Site "www.moscowchessopen.ru"]
[Date "2009.02.08"]
[Round "9.139"]
[White "Smotriakov, Arkady"]
[Black "Mihnenko, Nikita"]
[Result "0-1"]
[WhiteElo "2101"]
[BlackElo "1955"]
[Annotator ""]
[Source ""]
[Remark ""]

1.d4 d5 2.Nf3 Nf6 3.c4 e6 4.Nc3 c6 5.g3 dxc4 6.a4 c5 7.e3 cxd4
8.exd4 Nc6 9.Bg2 Bd6 10.O-O O-O 11.Qe2 Na5 12.Bg5 h6 13.Bxf6
Qxf6 14.Rad1 Bd7 15.Ne5 Qe7 16.Nxd7 Qxd7 17.f4 Rfe8 18.Qh5 Nb3
19.g4 Bf8 20.d5 g6 21.Qh3 e5 22.f5 g5 23.Ne4 Bg7 24.f6 Bf8 25.Rf5
Nd4 26.Rxg5+ Kh7 27.Rf1 Ne2+ 28.Kh1 Nf4 29.Rxf4 exf4 30.Rf5 Qxa4
31.Rxf4 Qd1+ 32.Rf1 Qd3 33.Qh5 Kg8 34.g5 Rxe4 35.g6 Re3 36.gxf7+
Kh8 37.Qg4 Qh7 38.Rg1 Qxf7 0-1

[Event "Moscow Open 2009 B"]
[Site "www.moscowchessopen.ru"]
[Date "2009.02.08"]
[Round "9.140"]
[White "Gorshkov, Anatoly"]
[Black "Levashov, Michael"]
[Result "1/2-1/2"]
[WhiteElo "2093"]
[BlackElo "1952"]
[Annotator ""]
[Source ""]
[Remark ""]

1.c4 c5 2.Nc3 g6 3.g3 Bg7 4.Bg2 Nc6 5.e3 d6 6.Nge2 e5 7.O-O Nge7
8.Nd5 O-O 9.Nec3 Rb8 10.a3 a5 11.Rb1 Be6 12.d3 Kh8 13.Bd2 f5
14.b4 axb4 15.axb4 Bxd5 16.Nxd5 Nxd5 17.Bxd5 Nxb4 18.Bxb4 cxb4
19.Rxb4 b6 20.Rb5 f4 21.Be4 fxe3 22.fxe3 Rxf1+ 23.Qxf1 Qg5 24.Qe2
Bh6 25.Kf2 Qf6+ 26.Kg2 Qg5 27.Kf2 Qf6+ 1/2-1/2

[Event "Moscow Open 2009 B"]
[Site "www.moscowchessopen.ru"]
[Date "2009.02.08"]
[Round "9.141"]
[White "Radivilov, Igor"]
[Black "Bykov, Evgeny"]
[Result "1/2-1/2"]
[WhiteElo "1947"]
[BlackElo "2090"]
[Annotator ""]
[Source ""]
[Remark ""]

1.Nf3 Nf6 2.d4 g6 3.c4 c5 4.Nc3 Bg7 5.e4 O-O 6.Be2 d6 7.O-O cxd4
8.Nxd4 Nc6 9.Nxc6 bxc6 10.Qc2 Be6 11.Be3 Ng4 12.Bf4 Ne5 13.b3
c5 14.Rad1 Nc6 15.Nd5 Nd4 16.Qd3 Bxd5 17.exd5 e5 18.dxe6 fxe6
19.Be3 a5 20.Bxd4 Bxd4 21.Bf3 Ra7 22.Qe2 e5 23.Kh1 Kg7 24.Bd5
Qd7 25.f3 Rb8 26.f4 exf4 27.Rxf4 Qe8 28.Re1 Qxe2 29.Rxe2 a4 30.g3
axb3 31.axb3 Rxb3 32.Kg2 Rb2 33.Rxb2 Bxb2 34.Rf2 Be5 1/2-1/2

[Event "Moscow Open 2009 B"]
[Site "www.moscowchessopen.ru"]
[Date "2009.02.08"]
[Round "9.142"]
[White "Glazkov, Arseny"]
[Black "Shurunov, Andrei"]
[Result "1/2-1/2"]
[WhiteElo "2055"]
[BlackElo "1882"]
[Annotator ""]
[Source ""]
[Remark ""]

1.e4 c5 2.Nf3 e6 3.d4 cxd4 4.Nxd4 Nc6 5.Nc3 Qc7 6.Be3 a6 7.Qd2
Nf6 8.f3 Be7 9.O-O-O O-O 10.g4 b5 11.Kb1 b4 12.Nce2 Ne5 13.Nc1
Ng6 14.h4 Nxh4 15.g5 Nxf3 16.Nxf3 Nxe4 17.Qg2 Qg3 18.Nd3 Bb7
19.Rg1 Qxf3 20.Qxf3 Nc3+ 21.bxc3 Bxf3 22.Re1 bxc3 23.Ne5 Rfb8+
24.Ka1 Bd5 25.Bc4 Bxc4 26.Nxc4 Rb7 27.Re2 d5 28.Na5 Rb5 29.Nc6
Ba3 30.Nd4 Rb7 31.Nb3 a5 32.Bc1 a4 33.Nd4 Rab8 34.Bf4 Rc8 35.Rh2 1/2-1/2

[Event "Moscow Open 2009 B"]
[Site "www.moscowchessopen.ru"]
[Date "2009.02.08"]
[Round "9.143"]
[White "Gvilava, Maya"]
[Black "Seregin, Alexey"]
[Result "1-0"]
[WhiteElo "2052"]
[BlackElo "1916"]
[Annotator ""]
[Source ""]
[Remark ""]

1.e4 e5 2.Nf3 Nf6 3.Nxe5 d6 4.Nf3 Nxe4 5.d4 Be7 6.Bd3 d5 7.h3
O-O 8.O-O Nc6 9.Nc3 f5 10.Qe2 Bf6 11.Nxd5 Nxd4 12.Nxd4 Bxd4 13.Bxe4
fxe4 14.Qxe4 Bc5 15.Be3 Bf5 16.Qc4 Be6 17.Bxc5 Bxd5 18.Qg4 Rf6
19.f3 Rg6 20.Qf4 Qg5 21.Qxg5 Rxg5 22.Be3 Re5 23.Bf4 Re2 24.Rf2
Rxf2 25.Kxf2 Kf7 1-0

[Event "Moscow Open 2009 B"]
[Site "www.moscowchessopen.ru"]
[Date "2009.02.08"]
[Round "9.144"]
[White "Stepanov, Igor"]
[Black "Klyuev, Alexander S"]
[Result "1-0"]
[WhiteElo "2044"]
[BlackElo "1755"]
[Annotator ""]
[Source ""]
[Remark ""]

1.d4 d5 2.c4 e6 3.e3 Nf6 4.a3 a5 5.b3 c6 6.Nf3 Bd6 7.Bb2 Nbd7
8.Bd3 O-O 9.Nbd2 Qe7 10.Ne5 Bc7 11.f4 Ne8 12.O-O f6 13.Nxd7 Bxd7
14.e4 f5 15.e5 Kh8 16.Nf3 Rd8 17.c5 b6 18.b4 Rb8 19.Ng5 g6 20.Rf3
Kg7 21.Rh3 Rh8 22.g4 h6 23.gxf5 hxg5 24.Rxh8 Kxh8 25.fxg6 Ng7
26.Qg4 1-0

[Event "Moscow Open 2009 B"]
[Site "www.moscowchessopen.ru"]
[Date "2009.02.08"]
[Round "9.145"]
[White "Kreines, Mikhail"]
[Black "Moshensky, Denis"]
[Result "0-1"]
[WhiteElo "2041"]
[BlackElo "1847"]
[Annotator ""]
[Source ""]
[Remark ""]

1.e4 c5 2.Nf3 d6 3.d4 cxd4 4.Nxd4 Nf6 5.Nc3 a6 6.g3 Nc6 7.Bg2
g6 8.Nxc6 bxc6 9.e5 dxe5 10.Bxc6+ Bd7 11.Bxa8 Qxa8 12.Rg1 Bg4
13.Qd3 e4 14.Qd4 Bg7 15.Qa4+ Bd7 16.Qa3 O-O 17.Bd2 Bg4 18.Nd1
Bf3 19.Ne3 Nd5 20.c4 Nxe3 21.fxe3 Qc8 22.Rf1 Qxc4 23.Rf2 Rd8
24.Qb3 Qc5 25.Rc1 Qa7 26.Rc4 e6 27.Qc2 h5 28.Rc8 Rxc8 29.Qxc8+
Kh7 30.Bc1 Qb6 31.Rc2 Qa5+ 32.Kf2 Qf5 33.Kg1 Qg4 34.Qc7 Qf5 0-1

[Event "Moscow Open 2009 B"]
[Site "www.moscowchessopen.ru"]
[Date "2009.02.08"]
[Round "9.146"]
[White "Lagoda, Vladimir"]
[Black "Makhno, Mikhail"]
[Result "1/2-1/2"]
[WhiteElo "2032"]
[BlackElo "1621"]
[Annotator ""]
[Source ""]
[Remark ""]

1.e4 c5 2.Nf3 e6 3.d4 cxd4 4.Nxd4 Nf6 5.Nc3 Bb4 6.Ndb5 Nxe4 7.Qd4
Nxc3 8.bxc3 Bf8 9.Ba3 Nc6 10.Nd6+ Bxd6 11.Qxd6 Qe7 12.Rb1 Qxd6
13.Bxd6 Ne7 14.Bd3 f6 15.O-O Kf7 16.c4 Nf5 17.Bxf5 exf5 18.Rfe1
Re8 19.Rxe8 Kxe8 20.Re1+ Kf7 21.Re7+ Kg6 22.a4 b6 23.Re8 Bb7
24.Rxa8 Bxa8 25.Bb8 Bc6 26.Bxa7 Bxa4 27.Bxb6 Bxc2 1/2-1/2

[Event "Moscow Open 2009 B"]
[Site "www.moscowchessopen.ru"]
[Date "2009.02.08"]
[Round "9.147"]
[White "Leonov, Dmitry"]
[Black "Remizov, Alexander"]
[Result "1-0"]
[WhiteElo "1892"]
[BlackElo "2032"]
[Annotator ""]
[Source ""]
[Remark ""]

1.d4 d5 2.Bg5 Nd7 3.e3 Ngf6 4.Bd3 e5 5.Bf5 Bd6 6.Nc3 c6 7.dxe5
Bxe5 8.Nf3 Bxc3+ 9.bxc3 Qa5 10.Bxd7+ Nxd7 11.Qd4 f6 12.Bf4 O-O
13.O-O Re8 14.c4 Re4 15.Qd2 Qc5 16.cxd5 cxd5 17.Nd4 Nb6 18.Rab1
Bd7 19.Qb4 Rc8 20.Bd6 Qxb4 21.Rxb4 Ba4 22.Rc1 g6 23.Kf1 Ree8
24.Ke2 Rc3 25.Kd2 Rec8 26.Rb2 1-0

[Event "Moscow Open 2009 B"]
[Site "www.moscowchessopen.ru"]
[Date "2009.02.08"]
[Round "9.148"]
[White "Krylov, Ivan"]
[Black "Babaev, Mikhail"]
[Result "0-1"]
[WhiteElo "1877"]
[BlackElo "2023"]
[Annotator ""]
[Source ""]
[Remark ""]

1.e4 Nf6 2.e5 Nd5 3.Nf3 d6 4.Bc4 e6 5.Nc3 Nb6 6.Bb3 d5 7.a4 c5
8.a5 N6d7 9.d3 Nc6 10.Bg5 Be7 11.Bxe7 Nxe7 12.Qe2 a6 13.O-O d4
14.Ne4 0-1

[Event "Moscow Open 2009 B"]
[Site "www.moscowchessopen.ru"]
[Date "2009.02.08"]
[Round "9.149"]
[White "Malyshev, Roman B"]
[Black "Yusubov, Timur"]
[Result "0-1"]
[WhiteElo "1856"]
[BlackElo "2023"]
[Annotator ""]
[Source ""]
[Remark ""]

1.d4 d5 2.c4 Bf5 3.Nf3 e6 4.g3 Nc6 5.Qb3 Nf6 6.a3 Rb8 7.Nc3 Be7
8.cxd5 exd5 9.Bg5 Na5 10.Qd1 Nc4 11.b3 Nxa3 12.Ra2 Bb4 13.Bd2
Bxc3 14.Bxc3 Nb5 15.Bb4 a6 16.Bg2 Nd6 17.Ne5 O-O 18.g4 Nxg4 19.Bxd6
Qh4 20.e4 Bxe4 0-1

[Event "Moscow Open 2009 B"]
[Site "www.moscowchessopen.ru"]
[Date "2009.02.08"]
[Round "9.150"]
[White "Paldyaev, Vladislav"]
[Black "Orekhovsky, Vasily"]
[Result "0-1"]
[WhiteElo "1853"]
[BlackElo "2016"]
[Annotator ""]
[Source ""]
[Remark ""]

1.e4 c5 2.Nf3 d6 3.c4 Nf6 4.Nc3 e5 5.d3 h6 6.Be2 Be7 7.Be3 Nc6
8.O-O O-O 9.Ne1 Nh7 10.Nd5 f5 11.a3 f4 12.Bd2 Nd4 13.b4 Be6 14.Bc3
Nxe2+ 15.Qxe2 cxb4 16.axb4 f3 17.Nxf3 Bg4 18.Bd2 Bg5 19.Be3 a6
20.h3 Bxf3 21.gxf3 Bf4 22.Bxf4 exf4 23.Kh2 Qh4 24.Rg1 Ng5 25.Rxg5
Qxg5 26.Rg1 Qe5 27.Qd2 Rf7 28.d4 Qe6 29.c5 dxc5 30.bxc5 Rd8 31.Nb6
Qb3 32.d5 Qxf3 0-1

[Event "Moscow Open 2009 B"]
[Site "www.moscowchessopen.ru"]
[Date "2009.02.08"]
[Round "9.151"]
[White "Kvasov, Sergey"]
[Black "Rigovich, Albert"]
[Result "0-1"]
[WhiteElo "1850"]
[BlackElo "2016"]
[Annotator ""]
[Source ""]
[Remark ""]

1.e4 e5 2.Bc4 Nf6 3.Nf3 Nc6 4.d4 exd4 5.e5 d5 6.Bb5 Ne4 7.Nxd4
Bd7 8.Bxc6 bxc6 9.O-O Bc5 10.f3 Ng5 11.f4 Ne6 12.c3 O-O 13.f5
Ng5 14.Qh5 h6 15.h4 Ne4 16.Rf3 f6 17.e6 Be8 18.Qg4 Kh7 19.Nd2
Nxd2 20.Bxd2 Qe7 21.h5 Bb6 22.Be3 c5 23.Ne2 Rd8 24.Rd1 c6 25.Rg3
Rg8 26.Nf4 d4 27.Ng6 Bxg6 28.hxg6+ Kh8 29.cxd4 cxd4 0-1

[Event "Moscow Open 2009 B"]
[Site "www.moscowchessopen.ru"]
[Date "2009.02.08"]
[Round "9.152"]
[White "Nikitin, Anatoly"]
[Black "Vashchenko, Jurij"]
[Result "1/2-1/2"]
[WhiteElo "1400"]
[BlackElo "2016"]
[Annotator ""]
[Source ""]
[Remark ""]

1.e4 e5 2.Nf3 Nc6 3.Bb5 a6 4.Ba4 Nf6 5.O-O Be7 6.Re1 b5 7.Bb3
d6 8.h3 O-O 9.c3 Bb7 10.d4 Re8 11.Ng5 Rf8 12.f4 h6 13.Nf3 Nd7
14.Qd3 Bf6 15.Be3 Ne7 16.Bc2 Ng6 17.f5 Ne7 18.Nbd2 c6 19.Qe2
Re8 20.Qf2 Nf8 21.Qg3 Kh8 22.Bb3 Qc7 23.Bxf7 Nxf5 24.exf5 Qxf7
25.Ne4 Rad8 1/2-1/2

[Event "Moscow Open 2009 B"]
[Site "www.moscowchessopen.ru"]
[Date "2009.02.08"]
[Round "9.153"]
[White "Sokolov, Boris"]
[Black "Burkov, Dmitriy"]
[Result "1-0"]
[WhiteElo "2015"]
[BlackElo "1400"]
[Annotator ""]
[Source ""]
[Remark ""]

1.e4 c5 2.Nf3 Nc6 3.d4 cxd4 4.Nxd4 Qc7 5.Nc3 e6 6.Ndb5 Qb8 7.Be3
a6 8.Nd4 b5 9.g3 Nf6 10.Bg2 Ne5 11.O-O Bb7 12.a3 Nc4 13.Bc1 Qc7
14.Re1 Nxa3 15.e5 Bxg2 16.exf6 Bb7 17.Bf4 Qc5 18.fxg7 Bxg7 19.Nf5
Bf8 20.Bd6 1-0

[Event "Moscow Open 2009 B"]
[Site "www.moscowchessopen.ru"]
[Date "2009.02.08"]
[Round "9.154"]
[White "Pankov, Gennady"]
[Black "Kan, Yuri"]
[Result "1/2-1/2"]
[WhiteElo "2014"]
[BlackElo "1400"]
[Annotator ""]
[Source ""]
[Remark ""]

1.e4 c5 2.Nf3 a6 3.d4 cxd4 4.Nxd4 e5 5.Nb3 Nf6 6.a3 d5 7.exd5
Qxd5 8.Qxd5 Nxd5 9.Bd3 f5 10.f3 Nc6 11.Bd2 Nd4 12.Nxd4 exd4 13.Bc4
Be6 14.Bxd5 Bxd5 15.Bf4 Bc5 16.Nd2 Kf7 17.O-O-O Rhe8 18.Nb3 Bxb3
19.cxb3 Re7 20.Rd2 Rae8 21.Kd1 d3 22.Bg3 Re2 1/2-1/2

[Event "Moscow Open 2009 B"]
[Site "www.moscowchessopen.ru"]
[Date "2009.02.08"]
[Round "9.156"]
[White "Zaitsev, Vladimir"]
[Black "Bessarab, Vsevolod"]
[Result "1/2-1/2"]
[WhiteElo "1780"]
[BlackElo "1990"]
[Annotator ""]
[Source ""]
[Remark ""]

1.c4 e5 2.Nc3 Nf6 3.g3 c6 4.Bg2 d5 5.cxd5 cxd5 6.d4 exd4 7.Qxd4
Nc6 8.Qa4 d4 9.Bxc6+ bxc6 10.Ne4 Qb6 11.Nxf6+ gxf6 12.a3 Bd7
13.Nf3 c5 14.Qc2 Bc6 15.O-O O-O-O 16.b4 d3 17.bxc5 Qa6 18.Qc3
dxe2 19.Re1 Qd3 20.Qxd3 Rxd3 21.Nh4 Bxc5 22.Ng2 Bf3 23.Be3 Bxa3
24.Nf4 Rd1 25.Nxe2 Rxa1 26.Rxa1 Rd8 27.Nd4 Bb2 28.Ra4 Bxd4 29.Rxd4
Rxd4 30.Bxd4 1/2-1/2

[Event "Moscow Open 2009 B"]
[Site "www.moscowchessopen.ru"]
[Date "2009.02.08"]
[Round "9.157"]
[White "Pozdeev, Nikita"]
[Black "Pechonkin, Oleg"]
[Result "1/2-1/2"]
[WhiteElo "1988"]
[BlackElo "1400"]
[Annotator ""]
[Source ""]
[Remark ""]

1.e4 d6 2.d4 g6 3.Nc3 Bg7 4.Bg5 Nd7 5.Qd2 c5 6.d5 Qa5 7.Nb5 Qb6
8.c3 Ngf6 9.f3 a6 10.Na3 Qc7 11.c4 O-O 12.Bd3 Re8 13.Ne2 Rb8
14.f4 Nf8 15.O-O e6 16.Nc3 exd5 17.exd5 Bd7 18.Rae1 Qa5 19.f5
Bxf5 20.Bxf5 gxf5 21.Rxf5 N8d7 22.Ref1 Ng4 23.Rxf7 Bd4+ 24.Kh1
Rf8 25.Rxf8+ Rxf8 26.Rxf8+ Nxf8 27.h3 Nf2+ 28.Kh2 Bxc3 29.Qxf2
Be5+ 30.Bf4 Ng6 31.Bxe5 Nxe5 32.Qf6 Qd2 33.Qd8+ Kg7 1/2-1/2

[Event "Moscow Open 2009 B"]
[Site "www.moscowchessopen.ru"]
[Date "2009.02.08"]
[Round "9.158"]
[White "Sundukova, Ekaterina"]
[Black "Obrezchikov, Mikhail"]
[Result "1/2-1/2"]
[WhiteElo "1400"]
[BlackElo "1983"]
[Annotator ""]
[Source ""]
[Remark ""]

1.d4 Nf6 2.Nf3 d5 3.c3 Nbd7 4.Bf4 e6 5.Nbd2 Bd6 6.Bg3 Nh5 7.Bh4
Be7 8.Bxe7 Qxe7 9.e4 dxe4 10.Nxe4 Nhf6 11.Bd3 Nxe4 12.Bxe4 Nf6
13.Bd3 O-O 14.Qc2 h6 15.O-O b6 16.Nd2 c5 17.dxc5 bxc5 18.Ne4
Nd5 19.Rfe1 Bb7 20.f3 Nf4 21.Bf1 Qc7 22.Qf2 c4 23.Qc5 Rfc8 24.Qxc7
Rxc7 25.Rad1 Bd5 1/2-1/2

[Event "Moscow Open 2009 B"]
[Site "www.moscowchessopen.ru"]
[Date "2009.02.08"]
[Round "9.159"]
[White "Stoljarov, Dmitriy"]
[Black "Saifutdinov, Rustam"]
[Result "1-0"]
[WhiteElo "1983"]
[BlackElo "1400"]
[Annotator ""]
[Source ""]
[Remark ""]

1.e4 e6 2.Qe2 Be7 3.f4 d5 4.d3 c5 5.Nf3 Nc6 6.g3 dxe4 7.dxe4
Nf6 8.Bg2 Nd4 9.Nxd4 Qxd4 10.c3 Qd8 11.O-O O-O 12.Rd1 Qc7 13.Be3
Rb8 14.Na3 a6 15.e5 Ne8 16.Rd2 b5 17.Rad1 g6 18.Nc2 Ng7 19.g4
f5 20.exf6 Bxf6 21.Rd6 Rb6 22.R6d2 Be7 23.Ne1 e5 24.fxe5 Qxe5
25.Nd3 Qe6 26.h3 Rc6 27.Nf4 Qf7 28.Bxc6 1-0